Musicians' migratory patterns : the Adriatic coasts /

Bibliographic Details
Corporate Author: Taylor & Francis
Other Authors: Sciannameo, Franco (Editor)
Format: eBook
Language:English
Published: Abingdon, Oxon ; New York, NY : Routledge, 2018.
Subjects:
Online Access:Connect to the full text of this electronic book

MARC

Tag First Indicator Second Indicator Subfields
LEADER 00000cam a2200000 i 4500
001 in00003969708
005 20190416173045.0
006 m o d
007 cr |||||||||||
008 171101t20182018nyu ob 001 0 eng
010 |a  2017052919 
020 |a 9780203702024  |q electronic book 
020 |a 0203702026  |q electronic book 
020 |z 9781138572508  |q hardcover 
024 8 |a 40027906455 
035 |a (NhCcYBP)ybp15049421 
040 |a NhCcYBP  |c NhCcYBP  |d UtOrBLW 
042 |a pcc 
043 |a ed-----  |a e-it--- 
050 4 |a ML250  |b .M94 2018 
072 7 |a MUS  |x 006000  |2 bisacsh 
072 7 |a MUS  |x 033000  |2 bisacsh 
082 0 0 |a 780.9182/24  |2 23 
245 0 0 |a Musicians' migratory patterns :  |b the Adriatic coasts /  |c edited by Franco Sciannameo. 
264 1 |a Abingdon, Oxon ;  |a New York, NY :  |b Routledge,  |c 2018. 
264 4 |c ©2018 
300 |a 1 online resource. 
336 |a text  |b txt  |2 rdacontent 
337 |a computer  |b c  |2 rdamedia 
338 |a online resource  |b cr  |2 rdacarrier 
500 |a Includes index. 
504 |a Includes bibliographical references and index. 
505 0 |a Adriatic geo-musicology: a premise / Dinko Fabris -- Tragedy and hope in the strait of Otranto / Franco Sciannameo -- Music migrations and creative assimilations: the Ionian Islands / Kostas Kardamis -- The sailors' chord: comparative research on traditional singing in the Quattro province, the Ionian Islands, and Dalmatia / Jaka Primorac -- Musicians on the move in the early modern era: an instrumental pilgrimage to L'Aquila / Francesco Zimei -- The migration of seventeenth-century music repertoire to the cathedral of Hvar in Dalmatia / Maja Miloevic -- Migration of musicians as an integrative principle: the case of the east Adriatic coast in the eighteenth century / Vjera Katalinic. 
588 |a Description based on online resource; title from digital title page (viewed on February 19, 2018). 
500 |a Electronic resource. 
650 0 |a Music  |z Adriatic Coast (Balkan Peninsula)  |x History and criticism. 
650 0 |a Music  |z Italy  |z Adriatic Coast  |x History and criticism. 
655 7 |a Electronic books.  |2 local 
700 1 |a Sciannameo, Franco,  |e editor.  |0 http://id.loc.gov/authorities/names/n82056915 
710 2 |a Taylor & Francis.  |0 http://id.loc.gov/authorities/names/n84073022 
776 1 8 |i Print version:  |t Musicians' migratory patterns  |d New York : Routledge, 2018  |z 9781138572508  |w (DLC) 2017048327 
856 4 0 |u http://proxy.library.tamu.edu/login?url=https://www.taylorfrancis.com/books/9780203702024  |z Connect to the full text of this electronic book  |t 0 
955 |a YBP purchased approval e-records 
980 |b 70.00  |g 1 
999 f f |s 2950ae92-22ad-3685-aa85-853dccbc61da  |i 6b23262a-037e-3d04-b706-6af22cb0a341  |t 0 
952 f f |a Texas A&M University  |b College Station  |c Electronic Resources  |d Available Online  |t 0  |e ML250 .M94 2018  |h Library of Congress classification 
998 f f |a ML250 .M94 2018  |t 0  |l Available Online